| 000 | 00855nac a22002291u 4500 | ||
|---|---|---|---|
| 010 | _a 89061344 | ||
| 020 | _a0675211816 | ||
| 082 | 0 | 0 |
_a621.3815 _bB7927 |
| 090 |
_c4417 _d4417 |
||
| 100 | _aBoylestad, Robert L. | ||
| 245 | 1 | 0 |
_aIntroductory circuit analysis / _cRobert L. Boylestad. |
| 250 |
_a7th ed. _bInternational ed. |
||
| 260 |
_aColumbus : _bMerrill Pub. Co., _cc1990. |
||
| 300 |
_axiv, 1103 p. : _bill. (some col.) ; _c27 cm. |
||
| 500 | _aEquation and PSPICE card inserted. | ||
| 500 | _aIncludes index. | ||
| 500 | _aInternational Edition. | ||
| 650 | 0 | _aElectric circuits. | |
| 650 | 0 |
_aElectric circuit analysis _xData processing. |
|
| 942 |
_cBB _k621.3815B7927 |
||
| 999 |
_c4417 _d4417 |
||